Investigación, desarrollo e innovación en ingeniería y administración /

Bibliographic Details
Other Authors: Bohórquez Chacón, Lesley F. (Editor), Mendoza Gáfaro, Richard E. (Editor), Pardo García, Aldo (Editor)
Format: Electronic eBook
Language:Spanish
Published: [Pamplona, Norte de Santander, Colombia] : Editorial Sello Unipamplona, [2020]
Subjects:
Online Access:Digitalia Hispánica

MARC

LEADER 00000nam a2200000 i 4500
001 DIGUPAMP0018
003 NyNyDIG
007 cr |||||||||||
008 240201s2020 ck a ob 000 0 spa d
006 m o d
035 |a (OCoLC)1422054572 
040 |a DGITA  |b eng  |e rda  |e pn  |c DGITA 
020 |z 9789585302006 
043 |a s-ck--- 
050 1 4 |a Q180.C6 ebook 
245 0 0 |a Investigación, desarrollo e innovación en ingeniería y administración /  |c editores, Lesley F. Bohórquez Chacón, Richard E. Mendoza Gáfaro, Aldo Pardo García. 
264 1 |a [Pamplona, Norte de Santander, Colombia] :  |b Editorial Sello Unipamplona,  |c [2020] 
300 |a 1 online resource :  |b illustrations. 
336 |a text  |b txt  |2 rdacontent 
337 |a computer  |b c  |2 rdamedia 
338 |a online resource  |b cr  |2 rdacarrier 
347 |a text file  |2 rdaft 
347 |b PDF 
504 |a Includes bibliographical references. 
588 0 |a Online resource; title from PDF title page (Digitalia, viewed February 1, 2024) 
650 0 |a Engineering  |x Research  |z Colombia  |z Norte de Santander. 
650 0 |a Management  |x Research  |z Colombia  |z Norte de Santander. 
700 1 |a Bohórquez Chacón, Lesley F.,  |e editor. 
700 1 |a Mendoza Gáfaro, Richard E.,  |e editor. 
700 1 |a Pardo García, Aldo,  |e editor. 
791 2 |a Digitalia (Firm),  |e distributor. 
793 0 |g Digitalia eBook Collection:  |a Universidad de Pamplona 
776 0 8 |i Print version:  |t Investigación, desarrollo e innovación en ingeniería y administración.  |d [Pamplona, Norte de Santander, Colombia] : Universidad de Pamplona, [2020]  |z 9789585302006 
856 4 0 |3 Digitalia Hispánica  |u https://www.digitaliapublishing.com/a/131110/ 
910 |a Premium collection: 2024